Animali della Russia - Per Immagini - Statistics

Statistiche generali
  • Questo quiz è stato fatto 28 volte
    16 dall'ultimo reset
  • Il punteggio medio è 14 su 20
Statistiche sulle risposte
con Immagini Risposta % Corretto
Alce
100%
Lupo Siberiano
100%
Orso Bruno
100%
Tigre Siberiana
100%
Tricheco
100%
Lince Eurasiatica
92%
Orso Polare
92%
Castoro
85%
Leopardo dell'Amur
85%
Caribù
77%
Leopardo delle Nevi
77%
Puzzola
77%
Tasso
77%
Volpe Artica
77%
Lontra
62%
Volpe Rossa
62%
Gatto Selvatico
46%
Bue Muschiato
15%
Ghiottone
15%
Wapiti
0%
Nessun quiz corrispondente trovato
Distribuzione punteggi
Percentuale di utenti per punteggio
Percentile per numero di risposta
I tuoi punteggi nel tempo
Non hai fatto questo quiz dall'ultimo reset